Visualizzazione normale
Vista MARC
- Pollack Sydney
di Personal Name
Records bibliografici associati: 1
001 - CONTROL NUMBER
- control field: 41740
003 - CONTROL NUMBER IDENTIFIER
- control field: IT-RoPau
005 - DATE AND TIME OF LATEST TRANSACTION
- control field: 20151126173937.0
008 - FIXED-LENGTH DATA ELEMENTS
- fixed length control field: 151126|| aca||aabn | a|a d
040 ## - CATALOGING SOURCE
- Original cataloging agency: IT-RoPau
- Transcribing agency: IT-RoPau
100 ## - HEADING--PERSONAL NAME
- Personal name: Pollack Sydney
- Miscellaneous information: Codice regista SPICS: 1628
670 ## - SOURCE DATA FOUND
- Source citation: Work cat.: (IT-RoPau)105496: Pollack Sydney Codice regista SPICS: 1628, DIRITTO DI CRONACA DIRITTO DI CRONACA (Rif. Codice opera principale : V0774)